[Event "Montreal op"]
[Site "Montreal CAN"]
[Date "2016.09.10"]
[Round "3.24"]
[White "Bassel, Charaf"]
[Black "Fan, Run Kun"]
[Result "1/2-1/2"]
[WhiteElo "2109"]
[BlackElo "1961"]
[PlyCount "133"]
[EventDate "2016.09.09"]
[EventType "swiss"]
[EventRounds "5"]
[EventCountry "CAN"]

1. c4 c6 2. b3 d5 3. Bb2 Nf6 4. Nf3 g6 5. cxd5 cxd5 6. Bxf6 exf6 7. e3 Nc6 8.
Bb5 Bd7 9. O-O a6 10. Be2 Bd6 11. Nc3 Ne7 12. a3 O-O 13. b4 b6 14. Qb3 Bc6 15.
Nd4 Bb7 16. f4 Rc8 17. Bf3 Bb8 18. Rfc1 Qd7 19. b5 a5 20. Na4 Ba7 21. h3 h5 22.
Kh2 Kg7 23. Be2 Rc7 24. Qb2 Rfc8 25. g4 Rxc1 26. Rxc1 Rxc1 27. Qxc1 hxg4 28.
hxg4 Bb8 29. Nxb6 Bxf4+ 30. exf4 Qd6 31. Nc6 Nxc6 32. bxc6 Bxc6 33. d4 Be8 34.
Nc8 Qe6 35. Bf3 Bd7 36. Na7 Qa6 37. Qc5 Qf1 38. Qxd5 Qf2+ 39. Kh3 Be6 40. Qe4
f5 41. Qe5+ Kh7 42. Be2 fxg4+ 43. Bxg4 Qf1+ 44. Kg3 Qg1+ 45. Kf3 Bxg4+ 46. Ke4
Qb1+ 47. Ke3 Qc2 48. d5 Qc5+ 49. Qd4 Qxa3+ 50. Kd2 Qb4+ 51. Qxb4 axb4 52. Nc6
f6 53. d6 g5 54. Nxb4 gxf4 55. Nd5 Kg7 56. Nxf4 Kf7 57. Ke3 Ke8 58. Ke4 Bf3+
59. Kd4 Kd7 60. Kc5 Kd8 61. Ng6 Bh5 62. Nf8 Bf7 63. Nh7 f5 64. Nf6 f4 65. Kd4
f3 66. Ke3 Bd5 67. Nxd5 1/2-1/2

[Event "Montreal op"]
[Site "Montreal CAN"]
[Date "2016.09.10"]
[Round "3.25"]
[White "Abbas, Talal"]
[Black "Huang, Qiuyu"]
[Result "0-1"]
[WhiteElo "2002"]
[BlackElo "2105"]
[PlyCount "114"]
[EventDate "2016.09.09"]
[EventType "swiss"]
[EventRounds "5"]
[EventCountry "CAN"]

1. d4 d5 2. c4 e6 3. Nc3 Be7 4. Nf3 Nf6 5. Bg5 h6 6. Bxf6 Bxf6 7. e3 O-O 8. Qc2
c6 9. cxd5 exd5 10. Be2 Re8 11. O-O Qe7 12. h3 g6 13. Bd3 Bg7 14. Rfe1 f5 15.
a3 Nd7 16. b4 a6 17. Rab1 Nf6 18. Ne5 Kh7 19. Bf1 Ne4 20. Nd3 Qg5 21. Nf4 Be6
22. Bd3 Bf7 23. g3 Qf6 24. h4 Bf8 25. Nce2 Bd6 26. Kg2 Qe7 27. Qc1 Kg7 28. Rh1
Rac8 29. Rh2 a5 30. Qe1 axb4 31. axb4 Ra8 32. Rb3 Ra2 33. Bb1 Ra1 34. Rh1 Rea8
35. f3 Nf6 36. Qc3 R1a4 37. b5 cxb5 38. Rxb5 Ra3 39. Rb3 Rxb3 40. Qxb3 Ra3 41.
Qb2 Qxe3 42. Rf1 Rb3 43. Qc1 Bxf4 44. Nxf4 Qxd4 45. Rf2 Qc3 46. Qd1 Rb2 47. Ne2
Qc5 48. Nd4 Rxb1 49. Nxf5+ gxf5 50. Qxb1 Qc8 51. Rb2 d4 52. Rxb7 d3 53. Qb3
Qc2+ 54. Qxc2 dxc2 55. Rc7 Nd5 56. Rc5 Ne3+ 57. Kf2 Nc4 0-1

[Event "Montreal op"]
[Site "Montreal CAN"]
[Date "2016.09.10"]
[Round "3.26"]
[White "Weston, Paul"]
[Black "Leger, Manon"]
[Result "1-0"]
[WhiteElo "1994"]
[BlackElo "2066"]
[PlyCount "27"]
[EventDate "2016.09.09"]
[EventType "swiss"]
[EventRounds "5"]
[EventCountry "CAN"]

1. e4 d6 2. d4 g6 3. f4 Bg7 4. Nf3 Nf6 5. Bd3 O-O 6. Nc3 Nbd7 7. e5 Ne8 8. h4
c5 9. h5 cxd4 10. hxg6 dxc3 11. gxf7+ Rxf7 12. Bxh7+ Kf8 13. Ng5 dxe5 14. Ne6#
1-0

[Event "Montreal op"]
[Site "Montreal CAN"]
[Date "2016.09.10"]
[Round "3.27"]
[White "Rondon, Luciano"]
[Black "Martin, Steve"]
[Result "1-0"]
[WhiteElo "2045"]
[BlackElo "1915"]
[PlyCount "53"]
[EventDate "2016.09.09"]
[EventType "swiss"]
[EventRounds "5"]
[EventCountry "CAN"]

1. d4 f5 2. c4 Nf6 3. g3 d6 4. Nf3 g6 5. b3 Bg7 6. Bb2 O-O 7. Bg2 Ne4 8. Nbd2
e6 9. Qc2 Nxd2 10. Qxd2 c5 11. O-O Nc6 12. Rad1 Qe7 13. d5 Ne5 14. Nxe5 dxe5
15. d6 Qd7 16. Qe3 e4 17. Bxg7 Kxg7 18. Qxc5 b6 19. Qe5+ Kg8 20. f3 exf3 21.
Bxf3 Rb8 22. b4 Bb7 23. c5 Bxf3 24. Rxf3 Kf7 25. c6 Qxc6 26. Rc3 Qa8 27. Rc7+
1-0

[Event "Montreal op"]
[Site "Montreal CAN"]
[Date "2016.09.11"]
[Round "4.2"]
[White "Perez Rodriguez, Luis Manuel"]
[Black "Vijayalakshmi, Subbaraman"]
[Result "1-0"]
[WhiteElo "2447"]
[BlackElo "2384"]
[PlyCount "101"]
[EventDate "2016.09.09"]
[EventType "swiss"]
[EventRounds "5"]
[EventCountry "CAN"]

1. e4 c5 2. c3 d5 3. exd5 Qxd5 4. d4 Nf6 5. Nf3 Bg4 6. Be2 e6 7. h3 Bh5 8. O-O
Nc6 9. Be3 cxd4 10. Nxd4 Bxe2 11. Qxe2 Nxd4 12. Bxd4 Be7 13. Nd2 O-O 14. Rfe1
Rfd8 15. Nf3 Nd7 16. a3 Nf8 17. Rad1 Qc6 18. Qe3 b6 19. Ne5 Qb7 20. Qe2 Rac8
21. Qf3 Qxf3 22. Nxf3 f6 23. a4 Rd5 24. Be3 Rcd8 25. Rxd5 Rxd5 26. Nd4 Bc5 27.
Nc6 Rd7 28. Kf1 e5 29. Bxc5 bxc5 30. Na5 Ne6 31. g3 Ng5 32. Kg2 Kf8 33. Nc4 h5
34. f4 exf4 35. gxf4 Nf7 36. Re6 Nd8 37. Rd6 Ke7 38. Rxd7+ Kxd7 39. Kf3 Ke6 40.
Ke4 g6 41. b4 h4 42. b5 Nf7 43. a5 Nd6+ 44. Nxd6 Kxd6 45. a6 Kc7 46. c4 Kb6 47.
Kd5 Kc7 48. Ke6 g5 49. fxg5 fxg5 50. Kf5 g4 51. Kxg4 1-0

[Event "Montreal op"]
[Site "Montreal CAN"]
[Date "2016.09.11"]
[Round "4.3"]
[White "Hirschberg, Valerian"]
[Black "Neef, Maximilian"]
[Result "1/2-1/2"]
[WhiteElo "2350"]
[BlackElo "2442"]
[PlyCount "123"]
[EventDate "2016.09.09"]
[EventType "swiss"]
[EventRounds "5"]
[EventCountry "CAN"]

1. Nf3 Nf6 2. c4 g6 3. g3 Bg7 4. Bg2 O-O 5. d4 d6 6. Nc3 Nc6 7. O-O a6 8. h3
Bd7 9. e4 e5 10. dxe5 dxe5 11. Re1 Be6 12. Nd5 Nd7 13. Be3 Na5 14. b3 c5 15.
Rc1 Nc6 16. a3 a5 17. a4 Nd4 18. Kh2 Nb8 19. Rb1 Nbc6 20. Qd2 Qd6 21. Red1 Rae8
22. Ng5 Kh8 23. f4 Bd7 24. Rf1 f6 25. Nf3 f5 26. Bxd4 cxd4 27. fxe5 Nxe5 28.
Nxd4 fxe4 29. Rbe1 Nd3 30. Rxf8+ Qxf8 31. Rf1 Qd6 32. Ne2 Nc5 33. Qe3 Bc6 34.
Rd1 Nd3 35. Nec3 Nb2 36. Rf1 Qe5 37. Qxe4 Qxe4 38. Nxe4 Nd3 39. Rd1 Ne5 40. Nc7
Rb8 41. Ne6 Bf8 42. N4g5 Be7 43. Re1 Nd3 44. Re3 Bxg5 45. Rxd3 Bf6 46. Bxc6
bxc6 47. Rf3 Be7 48. Nd4 Rc8 49. Rf7 Bb4 50. h4 Kg8 51. Rf6 c5 52. Nc2 Bc3 53.
Rf3 Bb2 54. Ne3 Re8 55. Kg2 Bd4 56. Nd5 Re2+ 57. Kf1 Rc2 58. Ne7+ Kg7 59. Nc6
Bc3 60. Ne7 Bf6 61. Nd5 Bd4 62. Ke1 1/2-1/2

[Event "Montreal op"]
[Site "Montreal CAN"]
[Date "2016.09.11"]
[Round "4.4"]
[White "Yu, Zong Yang"]
[Black "Milicevic, Goran"]
[Result "1-0"]
[WhiteElo "2407"]
[BlackElo "2380"]
[PlyCount "79"]
[EventDate "2016.09.09"]
[EventType "swiss"]
[EventRounds "5"]
[EventCountry "CAN"]

1. d4 e6 2. Nf3 Nf6 3. c4 Bb4+ 4. Bd2 Qe7 5. g3 O-O 6. Bg2 a5 7. O-O Bxd2 8.
Qxd2 d6 9. Nc3 Nbd7 10. Qc2 c6 11. e3 Rb8 12. Nd2 e5 13. a3 Re8 14. Rab1 Nf8
15. b4 axb4 16. axb4 Bg4 17. b5 exd4 18. exd4 Ne6 19. Nb3 Ng5 20. bxc6 bxc6 21.
Nd2 Rxb1 22. Qxb1 Qd7 23. h4 Bf5 24. Qb6 Nge4 25. Ncxe4 Nxe4 26. Nf3 h6 27. Re1
Nc3 28. Qb2 Rxe1+ 29. Nxe1 Na4 30. Qb3 c5 31. Nf3 Qe8 32. d5 Bg4 33. Nh2 Qe1+
34. Bf1 Bd1 35. Qb8+ Kh7 36. Qxd6 Qd2 37. Qe7 f5 38. d6 Nc3 39. Qe5 Bc2 40. Nf3
1-0

[Event "Montreal op"]
[Site "Montreal CAN"]
[Date "2016.09.11"]
[Round "4.7"]
[White "Allard, Laurent"]
[Black "Leveille, Francois"]
[Result "0-1"]
[WhiteElo "2049"]
[BlackElo "2357"]
[PlyCount "116"]
[EventDate "2016.09.09"]
[EventType "swiss"]
[EventRounds "5"]
[EventCountry "CAN"]

1. e4 g6 2. d4 Bg7 3. Nc3 d6 4. Be3 a6 5. Qd2 Nd7 6. O-O-O b5 7. Nf3 Bb7 8. Bd3
Rc8 9. d5 c5 10. dxc6 Bxc6 11. Kb1 Bb7 12. Nd4 Ngf6 13. Nb3 O-O 14. Bh6 Bxh6
15. Qxh6 Rxc3 16. bxc3 Nb6 17. h4 Na4 18. Qd2 Qc7 19. Rde1 Nxc3+ 20. Ka1 Ncxe4
21. Qa5 Rc8 22. Qxc7 Rxc7 23. f3 Nc3 24. Kb2 Kg7 25. Nd2 d5 26. Nb3 e6 27. Nd4
Bc8 28. g4 h5 29. g5 Ne8 30. f4 Nd6 31. a3 Nde4 32. Bxe4 Nxe4 33. Re3 Rc4 34.
Rd1 Kf8 35. Ne2 Bb7 36. Rd4 Rc7 37. Ng3 Nd6 38. Rc3 Nc4+ 39. Kc1 Ke7 40. Nf1
Kd6 41. Rd1 Kc5 42. Nd2 Re7 43. Nb3+ Kb6 44. Re1 Rd7 45. Nd4 Rd6 46. Re2 Bc6
47. Rb3 Bd7 48. a4 Kc5 49. c3 Na5 50. Rb4 bxa4 51. Nf3 Bb5 52. Ra2 Rd7 53. Ne5
Rc7 54. Rf2 Nb3+ 55. Kb2 a5 56. Rxb3 axb3 57. Kxb3 Rb7 58. Rd2 Bc4+ 0-1

[Event "Montreal op"]
[Site "Montreal CAN"]
[Date "2016.09.11"]
[Round "4.8"]
[White "Calvelo, Jelvis"]
[Black "Masse, Hugues"]
[Result "1-0"]
[WhiteElo "2156"]
[BlackElo "2318"]
[PlyCount "145"]
[EventDate "2016.09.09"]
[EventType "swiss"]
[EventRounds "5"]
[EventCountry "CAN"]

1. b3 e5 2. Bb2 Nc6 3. g3 d5 4. Bg2 Be6 5. Nf3 e4 6. Nd4 Nxd4 7. Bxd4 f5 8. O-O
Nf6 9. e3 Bd6 10. d3 O-O 11. Nd2 Bf7 12. dxe4 fxe4 13. c4 c6 14. Rc1 Qd7 15.
Bxf6 gxf6 16. c5 Be5 17. Nxe4 Qe7 18. Nd2 Bb2 19. Rb1 Ba3 20. b4 a5 21. bxa5
Rxa5 22. Nb3 Rb5 23. Nd4 Rxb1 24. Qxb1 Bg6 25. Nf5 Bxf5 26. Qxf5 Bxc5 27. Rb1
b6 28. Bh3 Rd8 29. Rd1 Qe5 30. Qg4+ Kf7 31. Qa4 Rd6 32. Qc2 Kg8 33. Bf5 Qe7 34.
a4 Rd8 35. a5 bxa5 36. Qa4 d4 37. Qxa5 Bb4 38. Qa2+ Kh8 39. exd4 Bc5 40. d5
cxd5 41. Qc2 Ba7 42. Kg2 d4 43. Qd3 Re8 44. Ra1 Qb7+ 45. Kh3 Qg7 46. Bxh7 Qxh7+
47. Qxh7+ Kxh7 48. Rxa7+ Kg6 49. Kg2 Rd8 50. Ra2 f5 51. Kf3 d3 52. Ke3 f4+ 53.
Kd2 fxg3 54. hxg3 Kf5 55. Ra4 Ke5 56. f3 Rg8 57. g4 Rd8 58. Re4+ Kf6 59. Re3
Kg5 60. Rxd3 Re8 61. Rd4 Kh4 62. Rf4 Re5 63. Kd3 Re8 64. Rf5 Ra8 65. Kd4 Kg3
66. Ke5 Ra5+ 67. Kf6 Ra6+ 68. Kg5 Ra8 69. Rf6 Rg8+ 70. Kh6 Kh4 71. Rf5 Rh8+ 72.
Kg7 Ra8 73. g5 1-0

[Event "Montreal op"]
[Site "Montreal CAN"]
[Date "2016.09.11"]
[Round "4.10"]
[White "Nicula, Marius"]
[Black "Soudre, Nicolas"]
[Result "1/2-1/2"]
[WhiteElo "2223"]
[BlackElo "2150"]
[PlyCount "48"]
[EventDate "2016.09.09"]
[EventType "swiss"]
[EventRounds "5"]
[EventCountry "CAN"]

1. e4 e6 2. d4 d5 3. Nc3 Bb4 4. e5 c5 5. Bd2 a6 6. a3 Bxc3 7. Bxc3 cxd4 8. Qxd4
Ne7 9. Nf3 Bd7 10. Qg4 Ng6 11. Bd3 Bb5 12. Bxb5+ axb5 13. Nd4 Qb6 14. O-O-O O-O
15. Qe2 Nc6 16. Nxb5 Ngxe5 17. Bd4 Qa6 18. Bxe5 Nxe5 19. Qxe5 Qxb5 20. Rd4 Ra4
21. Rhd1 Rxd4 22. Qxd4 Rc8 23. Rd3 f6 24. Kb1 Qc4 1/2-1/2

[Event "Montreal op"]
[Site "Montreal CAN"]
[Date "2016.09.11"]
[Round "4.12"]
[White "Khoudgarian, Natalia"]
[Black "Sprumont, Oscar"]
[Result "1/2-1/2"]
[WhiteElo "2276"]
[BlackElo "2141"]
[PlyCount "62"]
[EventDate "2016.09.09"]
[EventType "swiss"]
[EventRounds "5"]
[EventCountry "CAN"]

1. e4 e5 2. Nf3 Nc6 3. Nc3 Nf6 4. d4 exd4 5. Nxd4 Bb4 6. Nxc6 bxc6 7. Bd3 d5 8.
exd5 cxd5 9. O-O O-O 10. Bg5 Be6 11. Qf3 Be7 12. h3 h6 13. Bf4 c5 14. Rfd1 d4
15. Nb5 Nd5 16. Qe4 Nf6 17. Qf3 Nd5 18. Qe4 Nf6 19. Qe5 Nd5 20. Nc7 Nxc7 21.
Qxc7 Qxc7 22. Bxc7 Rac8 23. Be5 Rfd8 24. Ba6 Rc6 25. Bb5 Rb6 26. a4 Bd6 27.
Bxd6 Rdxd6 28. b3 Bf5 29. Rd2 Bd7 30. Bc4 Be6 31. Bb5 Kf8 1/2-1/2

[Event "Montreal op"]
[Site "Montreal CAN"]
[Date "2016.09.11"]
[Round "4.13"]
[White "Lopez Linares, Lizandro"]
[Black "Agcaoili, Marlou"]
[Result "0-1"]
[WhiteElo "2222"]
[BlackElo "2100"]
[PlyCount "74"]
[EventDate "2016.09.09"]
[EventType "swiss"]
[EventRounds "5"]
[EventCountry "CAN"]

1. d4 Nf6 2. Nf3 d5 3. c4 e6 4. Nc3 Bb4 5. cxd5 exd5 6. Bg5 c6 7. Qc2 Bg4 8.
Ne5 Bh5 9. f4 Qb6 10. Bxf6 gxf6 11. Qf5 Qxd4 12. Qc8+ Ke7 13. Qxb7+ Kf8 14. Nd3
Bxc3+ 15. bxc3 Qxc3+ 16. Kf2 Qd4+ 17. e3 Qxa1 18. Qxa8 Qxa2+ 19. Kg3 Kg7 20.
Kh4 Bg6 21. f5 Bxf5 22. Nf4 Qf2+ 23. g3 Qf3 24. Be2 Qxh1 25. h3 Qe4 26. Qxa7
Be6 27. Qe7 Nd7 28. Bd3 Qe5 29. g4 Qxe3 30. Nh5+ Kh6 31. Bf5 Qf2+ 32. Ng3 Qf4
33. Nh5 Qg5+ 34. Kg3 Bxf5 35. Nf4 Rg8 36. Qxf7 Bxg4 37. h4 Bh5+ 0-1

[Event "Montreal op"]
[Site "Montreal CAN"]
[Date "2016.09.11"]
[Round "4.14"]
[White "Fillion, Steve"]
[Black "Marin, Sam"]
[Result "1/2-1/2"]
[WhiteElo "2170"]
[BlackElo "2094"]
[PlyCount "45"]
[EventDate "2016.09.09"]
[EventType "swiss"]
[EventRounds "5"]
[EventCountry "CAN"]

1. e4 e6 2. d4 d5 3. Nc3 dxe4 4. Nxe4 Nd7 5. Nf3 Ngf6 6. Nxf6+ Nxf6 7. Bg5 Be7
8. Bd3 O-O 9. O-O b6 10. Qe2 Bb7 11. Rad1 Nd7 12. Be3 g6 13. Bh6 Re8 14. Qe3
Bf6 15. Ne5 Nf8 16. Qf4 Qe7 17. Ng4 Bg7 18. Bg5 Qd6 19. Ne5 f5 20. c4 c5 21.
Bc2 cxd4 22. Rfe1 Bxe5 23. Qxe5 1/2-1/2

[Event "Montreal op"]
[Site "Montreal CAN"]
[Date "2016.09.11"]
[Round "4.15"]
[White "Turcotte, Jonathan"]
[Black "Luksza, Arkadiusz"]
[Result "0-1"]
[WhiteElo "2102"]
[BlackElo "2162"]
[PlyCount "92"]
[EventDate "2016.09.09"]
[EventType "swiss"]
[EventRounds "5"]
[EventCountry "CAN"]

1. d4 e6 2. c4 f5 3. g3 Nf6 4. Bg2 d5 5. Nh3 c6 6. O-O Bd6 7. b3 Qe7 8. Bf4 O-O
9. Bxd6 Qxd6 10. Nd2 Nbd7 11. Nf3 Ne4 12. e3 Qe7 13. Nf4 Ndf6 14. Qc2 Bd7 15.
Rfc1 Be8 16. Rab1 Kh8 17. b4 g5 18. Nd3 dxc4 19. Nc5 b5 20. Nxe4 Nxe4 21. Ne5
Qf6 22. Rb2 Rc8 23. Bxe4 fxe4 24. Qxe4 Qf5 25. Qg2 Rc7 26. g4 Qf6 27. a4 Qd8
28. Qe4 Kg7 29. Nf3 Qf6 30. Ne5 Bg6 31. Qg2 Be8 32. Ra1 Qd8 33. f3 Bg6 34. Qd2
Qe7 35. Rba2 Rd8 36. Qc3 Kg8 37. axb5 cxb5 38. Ra6 Be8 39. R1a5 Rd6 40. Qc2
Rxa6 41. Rxa6 c3 42. Nd3 Bg6 43. e4 Qf6 44. Ne5 Qf4 45. Rxe6 Qd2 46. Qb3 Qc1+
0-1

[Event "Montreal op"]
[Site "Montreal CAN"]
[Date "2016.09.11"]
[Round "4.16"]
[White "Mendoza, Armand Jess"]
[Black "Libersan, Thierry"]
[Result "0-1"]
[WhiteElo "1863"]
[BlackElo "2148"]
[PlyCount "124"]
[EventDate "2016.09.09"]
[EventType "swiss"]
[EventRounds "5"]
[EventCountry "CAN"]

1. e4 c5 2. Nf3 e6 3. d3 Nc6 4. Nbd2 g6 5. g3 Bg7 6. Bg2 Nge7 7. O-O O-O 8. Re1
d6 9. c3 Rb8 10. a4 a6 11. Nf1 b5 12. h4 b4 13. Bd2 h6 14. Qc1 Kh7 15. N1h2 f5
16. exf5 gxf5 17. g4 fxg4 18. Nxg4 Nf5 19. Bxh6 Nxh6 20. Ng5+ Kg8 21. Nxh6+
Bxh6 22. Bxc6 Qf6 23. Re2 bxc3 24. bxc3 Rb3 25. d4 c4 26. f3 d5 27. Rg2 Kh8 28.
a5 Qf4 29. Qc2 Bxg5 30. Rxg5 Qxf3 31. Rg2 Qe3+ 32. Kh2 Rxc3 33. Qg6 Qf4+ 34.
Kg1 Qxd4+ 35. Kh2 Qe5+ 36. Kg1 Qe3+ 37. Kh2 Qh3+ 38. Kg1 Qxg2+ 39. Kxg2 Rg8 40.
h5 Rxg6+ 41. hxg6 Kg7 42. Rf1 Kxg6 43. Rf8 Ra3 44. Rxc8 Rxa5 45. Kf3 Kf6 46.
Bd7 Ra3+ 47. Ke2 Ke7 48. Bc6 Kd6 49. Be8 Ke5 50. Bf7 Kd4 51. Rc6 Ra2+ 52. Kd1
e5 53. Rd6 Ra5 54. Be6 e4 55. Bc8 Ra1+ 56. Kc2 e3 57. Bb7 Ra2+ 58. Kd1 Rd2+ 59.
Ke1 Ke5 60. Rxa6 c3 61. Bc8 c2 62. Ra5 c1=Q# 0-1

[Event "Montreal op"]
[Site "Montreal CAN"]
[Date "2016.09.11"]
[Round "4.17"]
[White "Tremblay, Rejean"]
[Black "Laurain, Guy"]
[Result "1/2-1/2"]
[WhiteElo "2223"]
[BlackElo "2028"]
[PlyCount "156"]
[EventDate "2016.09.09"]
[EventType "swiss"]
[EventRounds "5"]
[EventCountry "CAN"]

1. d4 Nf6 2. c4 d6 3. Nc3 g6 4. e4 Bg7 5. Nf3 O-O 6. Be2 e5 7. O-O exd4 8. Nxd4
Re8 9. f3 Nc6 10. Be3 Bd7 11. Qd2 a6 12. Rfd1 Rb8 13. Rac1 Ne5 14. b3 Bc6 15.
Bg5 Qe7 16. Nd5 Bxd5 17. cxd5 Rec8 18. Rc2 Qf8 19. Rdc1 Ne8 20. f4 Nd7 21. Bg4
Bxd4+ 22. Qxd4 f5 23. exf5 gxf5 24. Bf3 a5 25. g4 h6 26. Bh4 Qg7 27. Qxg7+ Kxg7
28. gxf5 Ndf6 29. Re1 c6 30. dxc6 bxc6 31. Re7+ Kf8 32. Re6 Kf7 33. Rg2 Rb5 34.
Bxf6 Nxf6 35. Rxd6 Rxf5 36. Rxc6 Rxc6 37. Bxc6 Rxf4 38. Re2 Rf5 39. h3 Rc5 40.
Bg2 Rf5 41. Rf2 Rc5 42. Kf1 Ke6 43. Re2+ Kf5 44. Kf2 Nh5 45. Bf3 Nf6 46. Rd2
Ne4+ 47. Bxe4+ Kxe4 48. Kg3 a4 49. bxa4 Rc4 50. Rf2 Ke5 51. a5 Ra4 52. a6 h5
53. a7 h4+ 54. Kf3 Kf5 55. Ke3+ Ke6 56. Kd3 Rxa7 57. Kc4 Ra3 58. Rh2 Kd6 59.
Kb4 Rg3 60. a4 Kc6 61. Rc2+ Kb7 62. Rc3 Kb6 63. Kc4 Ka5 64. Kd4 Rxc3 65. Kxc3
Kxa4 66. Kd4 Kb4 67. Ke4 Kc4 68. Kf4 Kd4 69. Kg4 Ke4 70. Kxh4 Kf5 71. Kh5 Kf6
72. Kh6 Kf7 73. Kh7 Kf8 74. h4 Kf7 75. h5 Kf8 76. h6 Kf7 77. Kh8 Kf8 78. h7 Kf7
1/2-1/2

[Event "Montreal op"]
[Site "Montreal CAN"]
[Date "2016.09.11"]
[Round "4.18"]
[White "Robichaud, Louis"]
[Black "Rondon, Luciano"]
[Result "1-0"]
[WhiteElo "2185"]
[BlackElo "2045"]
[PlyCount "55"]
[EventDate "2016.09.09"]
[EventType "swiss"]
[EventRounds "5"]
[EventCountry "CAN"]

1. e4 c5 2. d3 Nc6 3. g3 e6 4. Bg2 d5 5. Nd2 Nf6 6. Ngf3 g6 7. O-O Bg7 8. exd5
Nxd5 9. Ne4 Qe7 10. Bg5 f6 11. Bd2 Bd7 12. c4 Nc7 13. Be3 b6 14. d4 cxd4 15.
Nxd4 Nxd4 16. Qxd4 O-O 17. Rad1 Ba4 18. b3 Rad8 19. Nd6 Be8 20. Nf5 Qd7 21. Qa1
gxf5 22. Rxd7 Rxd7 23. Bc6 Rd8 24. Bxe8 Rfxe8 25. Rd1 Kf7 26. a4 Bf8 27. a5 Bc5
28. axb6 1-0

[Event "Montreal op"]
[Site "Montreal CAN"]
[Date "2016.09.11"]
[Round "4.20"]
[White "Tonakanian, Stephan"]
[Black "Weston, Paul"]
[Result "1-0"]
[WhiteElo "2147"]
[BlackElo "1994"]
[PlyCount "61"]
[EventDate "2016.09.09"]
[EventType "swiss"]
[EventRounds "5"]
[EventCountry "CAN"]

1. d4 d5 2. Nf3 Nf6 3. c4 e6 4. Nc3 Be7 5. Bf4 O-O 6. e3 c5 7. a3 Nc6 8. dxc5
dxc4 9. Bxc4 Qxd1+ 10. Rxd1 Bxc5 11. b4 Nxb4 12. axb4 Bxb4 13. Be5 Ne4 14. Rc1
f6 15. Bd4 Kh8 16. Ke2 Nd6 17. Nb5 Nxc4 18. Rxc4 Ba5 19. Nxa7 Bd7 20. Rb1 e5
21. Rxb7 Bg4 22. Bc5 Be6 23. Ra4 e4 24. Nd4 Bd5 25. Rb5 Rfb8 26. Rxb8+ Rxb8 27.
Rxa5 Bc4+ 28. Kd2 Rb1 29. Nab5 h6 30. Na3 Rb2+ 31. Nac2 1-0

[Event "Montreal op"]
[Site "Montreal CAN"]
[Date "2016.09.11"]
[Round "4.21"]
[White "Munro, Allan"]
[Black "Perna-Fraser, David"]
[Result "1-0"]
[WhiteElo "2133"]
[BlackElo "1907"]
[PlyCount "59"]
[EventDate "2016.09.09"]
[EventType "swiss"]
[EventRounds "5"]
[EventCountry "CAN"]

1. e4 e5 2. Nf3 Nf6 3. Nxe5 d6 4. Nf3 Nxe4 5. Nc3 Nxc3 6. dxc3 Be7 7. Be3 O-O
8. Qd2 Nd7 9. O-O-O b6 10. Nd4 Bb7 11. f3 Bf6 12. h4 h6 13. Qf2 Ne5 14. Be2 d5
15. g4 c5 16. Nf5 Bc8 17. f4 Ng6 18. Bd3 Bxf5 19. Bxf5 Bxh4 20. Qf3 Ne7 21. Bd3
Ng6 22. Qh3 Re8 23. Bd2 Bf6 24. Rdg1 c4 25. Bxg6 fxg6 26. g5 hxg5 27. fxg5 Qc8
28. Qh7+ Kf7 29. gxf6 Kxf6 30. Rxg6+ 1-0

[Event "Montreal op"]
[Site "Montreal CAN"]
[Date "2016.09.11"]
[Round "4.22"]
[White "Gauthier, Denis"]
[Black "Huang, Qiuyu"]
[Result "1/2-1/2"]
[WhiteElo "1957"]
[BlackElo "2105"]
[PlyCount "116"]
[EventDate "2016.09.09"]
[EventType "swiss"]
[EventRounds "5"]
[EventCountry "CAN"]

1. d4 d5 2. c4 e6 3. Nc3 Be7 4. cxd5 exd5 5. Bf4 Nf6 6. e3 c6 7. h3 Nbd7 8. Bd3
Nf8 9. Nf3 Ne6 10. Bh2 g6 11. O-O Ng7 12. a3 Bf5 13. b4 a6 14. Qc2 Bxd3 15.
Qxd3 O-O 16. Ne5 Qc8 17. Rfb1 Nd7 18. Na4 Nxe5 19. Bxe5 f6 20. Bh2 Bd8 21. Nc5
f5 22. Be5 Bc7 23. f4 Ne8 24. a4 Nd6 25. a5 Rf7 26. Kh2 Ne4 27. Rg1 h5 28. g3
Rh7 29. Rg2 Kf7 30. Qe2 Bd8 31. Nxe4 dxe4 32. Qc4+ Qe6 33. Rc1 Qxc4 34. Rxc4
Ke6 35. Rd2 Rd7 36. Kg2 Be7 37. Kf2 Rd5 38. Ke2 Rb5 39. Rb2 Kd5 40. Rc1 Bxb4
41. Bc7 Bxa5 42. Rxb5+ axb5 43. Ra1 b6 44. Bxb6 Ra6 45. Bxa5 b4 46. Kd2 c5 47.
dxc5 Kc6 48. Kc2 Kb5 49. c6 Rxc6+ 50. Kb2 Ra6 51. Bc7 Rxa1 52. Kxa1 Kc4 53. Kb2
Kd3 54. Bb6 Ke2 55. Kb3 Kf3 56. h4 Kxg3 57. Bd8 Kf3 58. Bb6 Kg3 1/2-1/2

[Event "Montreal op"]
[Site "Montreal CAN"]
[Date "2016.09.11"]
[Round "4.24"]
[White "Ang, Alan"]
[Black "Bassel, Charaf"]
[Result "0-1"]
[WhiteElo "2032"]
[BlackElo "2109"]
[PlyCount "146"]
[EventDate "2016.09.09"]
[EventType "swiss"]
[EventRounds "5"]
[EventCountry "CAN"]

1. e4 e5 2. Nf3 Nc6 3. Bb5 a6 4. Ba4 Nf6 5. O-O Bc5 6. c3 Ba7 7. d4 Nxe4 8.
dxe5 O-O 9. Bc2 d5 10. exd6 Nxd6 11. Bf4 Ne7 12. Nbd2 Bf5 13. Re1 Nd5 14. Bxd6
Bxc2 15. Qxc2 Qxd6 16. Ne4 Qg6 17. Qd2 Nf6 18. Qf4 Nd5 19. Qd2 Nf6 20. Qf4 Nxe4
21. Rxe4 Qb6 22. Qd2 Rad8 23. Qe2 Rd5 24. Re1 g6 25. Ne5 Qd6 26. Nf3 Rd8 27. c4
Rd1 28. b3 Bc5 29. Re8+ Rxe8 30. Qxe8+ Kg7 31. Qe2 Rxe1+ 32. Nxe1 Qe7 33. Qxe7
Bxe7 34. Kf1 f5 35. Ke2 Kf6 36. Nd3 Bd6 37. h3 Ke6 38. Ke3 c6 39. Kd4 Kd7 40.
a4 Kc7 41. c5 Be7 42. Ke5 Kd7 43. a5 Bg5 44. f3 Ke7 45. Kd4 Ke6 46. b4 Bd2 47.
Kc4 Kf6 48. Kd4 Ke6 49. Kc4 h5 50. Kd4 Kf6 51. g3 Ke6 52. Nf4+ Kf7 53. Nd3 Kf6
54. h4 Ke6 55. Nf4+ Kf7 56. Nd3 Kf6 57. Nf4 Kf7 58. Nd3 Kf6 59. Kc4 f4 60. Nf2
Be1 61. Ne4+ Ke6 62. gxf4 Bxh4 63. Kd4 Be1 64. Nd6 h4 65. Nxb7 Bxb4 66. Ke3 Kd7
67. f5 gxf5 68. Kf4 Kc7 69. Nd6 Bxc5 70. Nxf5 Bf2 71. Kg4 c5 72. f4 c4 73. Kf3
c3 0-1

[Event "Montreal op"]
[Site "Montreal CAN"]
[Date "2016.09.11"]
[Round "4.25"]
[White "Pitre, Francois"]
[Black "Abbas, Talal"]
[Result "1-0"]
[WhiteElo "1962"]
[BlackElo "2002"]
[PlyCount "33"]
[EventDate "2016.09.09"]
[EventType "swiss"]
[EventRounds "5"]
[EventCountry "CAN"]

1. d4 Nf6 2. Nf3 e6 3. Bf4 b6 4. e3 Bb7 5. Bd3 d6 6. Nbd2 Nbd7 7. e4 c5 8. c3
Qc7 9. h3 e5 10. dxe5 Nxe5 11. Nxe5 dxe5 12. Bb5+ Nd7 13. Bxe5 Bd6 14. Bxd6
Qxd6 15. Nc4 Qxd1+ 16. Rxd1 O-O-O 17. Nd6+ 1-0

[Event "Montreal op"]
[Site "Montreal CAN"]
[Date "2016.09.11"]
[Round "5.4"]
[White "Sriram, Jha"]
[Black "Hirschberg, Valerian"]
[Result "1/2-1/2"]
[WhiteElo "2418"]
[BlackElo "2350"]
[PlyCount "115"]
[EventDate "2016.09.09"]
[EventType "swiss"]
[EventRounds "5"]
[EventCountry "CAN"]

1. d4 d5 2. c4 dxc4 3. Nf3 Nf6 4. e3 e6 5. Bxc4 a6 6. O-O b5 7. Bd3 Bb7 8. Qe2
Nbd7 9. Rd1 c5 10. dxc5 Bxc5 11. a3 Qc7 12. b4 Bd6 13. Bb2 O-O 14. Nbd2 Rac8
15. h3 Rfd8 16. Nb3 e5 17. Rac1 Qb8 18. Rxc8 Rxc8 19. Bf5 Rd8 20. Na5 Ba8 21.
Qc2 Qb6 22. Nc6 Bxc6 23. Rxd6 Be4 24. Qd1 Qc7 25. Bxd7 Bxf3 26. gxf3 Rxd7 27.
Bxe5 Rxd6 28. Qxd6 Qxd6 29. Bxd6 Nd5 30. Be5 Nb6 31. Bb2 Nc4 32. Bc1 Kf8 33.
Kf1 Ke7 34. f4 Ke6 35. Ke2 Kd5 36. Kd3 f5 37. f3 g6 38. e4+ Kd6 39. a4 Nb6 40.
axb5 axb5 41. Kd4 Nc8 42. Be3 Ne7 43. Kd3 Nc6 44. Bc5+ Ke6 45. Ke3 Kf7 46. Kd3
Ke6 47. Kc3 Kf7 48. Be3 Ke6 49. Bd2 Kf7 50. Kd3 Ke6 51. Bc3 Kf7 52. Ke3 Kg8 53.
Kf2 Nd8 54. Kg3 Ne6 55. Be5 h6 56. Kh4 Kh7 57. Kg3 Kg8 58. Kh4 1/2-1/2